000 00284nam a22001337a 4500
008 181024b xxu||||| |||| 00| 0 eng d
020 _a2900316373059
041 _aeng
080 _23 ed
_a070
100 _a36
101 _aMED
245 _aPhotography
_cHenry.H
942 _2udc
_cBK
999 _c50777
_d50777